| 000 | 00474cam a2200181 a 4500 | ||
|---|---|---|---|
| 020 | _a9780132368681 | ||
| 020 | _a0132368684 | ||
| 082 | 0 | 0 |
_a624.1/51 _bCOD/GE |
| 100 | 1 | _aCoduto, Donald P. | |
| 245 | 1 | 0 | _aGeotechnical engineering : |
| 250 | _a2nd ed. | ||
| 260 |
_aNew Delhi _bPHI Learning Private Limited _c2010 |
||
| 300 |
_axx, 794 p. : _bill. ; |
||
| 650 | 0 | _aGeotechnical engineering. | |
| 700 | 1 | _aYeung, Man-Chung, | |
| 700 | 1 | _aKitch, William A. | |
| 942 | _cBK | ||
| 999 |
_c14038 _d14038 |
||